El estado del arte de la sociología del trabajo en Argentina (Registro nro. 22674)

Detalles MARC
000 -LEADER
fixed length control field 00374 a2200109 4500
001 - CONTROL NUMBER
control field ART_4822
005 - DATE AND TIME OF LATEST TRANSACTION
control field 20260410161825.0
008 - FIXED-LENGTH DATA ELEMENTS--GENERAL INFORMATION
fixed length control field 260409a
100 1# - MAIN ENTRY--PERSONAL NAME
Personal name Neffa, Julio César
245 10 - TITLE STATEMENT
Title El estado del arte de la sociología del trabajo en Argentina
773 0# - HOST ITEM ENTRY
Title Revista de trabajo
Related parts Sociología del trabajo - Año 2, Nº 8 (jul./dic. 1995)
Record control number REV4713

No hay ítems disponibles.